000 00566cam a2200217 4500
001 D9757
008 090401t1983 xxu||||| |||| 00| 0 eng d
035 _a(Sirsi) u22119
041 _aeng
050 _a624.151
100 _aWeltman, A.J.
245 _aSite investigation manual
260 _aLondon
_bConstruction Industry Research and Infor
_c1983
300 _a144p. 30cm
350 _a18
490 _aCIRIA Special Publication
_v25
490 _aPSA Civil Engineering Technical Guide
_v35
700 _aHead, J.M.
942 _n0
948 _c04/03/1997
999 _c88128
_d88128